000 00708nam a2200217Ii 4500
001 17689
003 CO-ViMGA
008 241108s9999||||xx |||||||||||||| ||und||
020 _a9789588827094
040 _aCO-ViMGA
_bspa
_erda
_cCO-ViMGA
041 0 _aspa
082 0 4 _a306.409861 C65d
110 1 _aColombia. Ministerio de Cultura
_91875
245 1 0 _aDiagnóstico cultural de Colombia :
_bhacia la construcción del índice de desarrollo cultural
264 1 _aBogotá, Colombia : Ministerio de Cultura, 2013
300 _avolumen
336 _atext
_btxt
_2rdacontent
337 _aunmediated
_bn
_2rdamedia
338 _avolume
_bnc
_2rdacarrier
940 _aidficha_siabuc: 17353. -- ficha_no_siabuc:17689
999 _c49041
_d49041